Klicke die französischen Städte auf einer Karte - Statistiken

Allgemein
  • Dieses Quiz wurde 126 mal gespielt
  • Das Durchschnittsergebnis liegt bei 13 aus 18
Antworten auf der Karte
Die Antworten werden auf der Karte rot bzw. grün angezeigt, abhängig davon wie oft sie richtig erraten wurden.
 
Antwortstatistiken
Antwort % Korrekt
Straßburg
92%
Paris
90%
Marseille
86%
Nizza
84%
Bordeaux
83%
Brest
83%
Ajaccio
79%
Le Havre
79%
Toulouse
75%
Lille
71%
Lyon
70%
Grenoble
69%
Reims
69%
Dijon
66%
Nantes
66%
Montpellier
65%
Limoges
56%
Tours
55%
Keine übereinstimmenden Quizze gefunden
Verteilung der Resultate
Anzahl Personen mit jedem Resultat
Perzentil nach korrekt beantworteten Fragen
Ihre Resultats-Entwicklung
Sie haben dieses Quiz noch nicht gespielt